000 01191nam a2200361 a 4500
001 vtls000349693
003 NLI
005 20210602164919.0
008 110113s2008 si dab e 001 0 eng
020 _a1402065415
_cEuro89.95
039 9 _y201101132003
_zVLOAD
040 _aNLI :
_beng
_cNLMARC21
041 0 _aeng
044 _asi
082 0 4 _a307.76
_222
245 0 0 _aSpatial planning for a sustainable Singapore/
_cedited by Tai-Chee Wong, Belinda Yuen and Charles Goldblum
260 _aSingapore :
_bSpringer; in association with the Singapore Institute of Planners,
_cc2008
300 _axiii, 217 p. :
_bill., maps;
_c24 cm.
504 _aIncludes bibliographical references and index
650 0 _aCity planning
_zSingapore
_9320238
650 0 _aSustainable development
_zSingapore
_9327051
650 0 _aLand use, Urban
_zSingapore
_9327052
700 1 _aWong, Tai-Chee
_4edt
_9327053
700 1 _aYuen, Belinda K. P.
_4edt
_9512494
700 1 _aGoldblum, Charles
_4edt
_9327055
887 _aE. Haque jgs
901 _a560656
_b06.03.09
902 _aE 307.76 Sp 28 w
904 _aE. Haque
905 _ajgs
942 _2ddc
_cBKS
999 _aVIRTUA40
_c304635
_d304635